[Event "KP MKSS 23/24, Interchess-Koprivnice"]
[Site ""]
[Date "2023.11.12"]
[Round "2.7"]
[White "Zemek, Antonin"]
[Black "Borovicka, Bohumil"]
[Result "1/2-1/2"]
[WhiteFideId "23703474"]
[BlackFideId "316393"]
[WhiteElo "1783"]
[BlackElo "1869"]
[PlyCount "0"]
[WhiteTeam "Interchess"]
[BlackTeam "SK ASK Koprivnice"]
[EventDate "2023.10.22"]

1. Nf3 e6 2. b3 f5 3. Bb2 Nf6 4. c4 Be7 5. g3 b6 6. Bg2 Bb7 7. O-O O-O 8. e3
Qe8 9. Nc3 d6 10. d4 Ne4 11. d5 Nxc3 12. Bxc3 e5 13. Qc2 Nd7 14. e4 fxe4 15.
Nd2 Nf6 16. Nxe4 Nxe4 17. Qxe4 Bf6 18. Rae1 Qd7 19. f4 exf4 20. Bxf6 Rxf6 21.
Qe7 Qxe7 22. Rxe7 Rf7 23. Rxf7 Kxf7 24. Rxf4+ Ke7 25. Be4 h6 26. Bf5 Rf8 27.
Re4+ Kf6 28. Be6 c6 29. Rf4+ Ke7 30. Rg4 Kf6 31. Rf4+ Ke7 32. Re4 Kf6 33. Rf4+
Ke7 1/2-1/2

[Event "KP MKSS 23/24, Interchess-Koprivnice"]
[Site ""]
[Date "2023.11.12"]
[Round "2.8"]
[White "Smely, Pavel"]
[Black "Kozusnikova, Daniela"]
[Result "0-1"]
[WhiteFideId "372641"]
[BlackFideId "23729279"]
[WhiteElo "1811"]
[BlackElo "1562"]
[PlyCount "0"]
[WhiteTeam "SK ASK Koprivnice"]
[BlackTeam "Interchess"]
[EventDate "2023.10.22"]

1. g4 e5 2. Bg2 d5 3. c4 dxc4 4. Qa4+ Bd7 5. Qxc4 Bc6 6. Nf3 Nd7 7. Nc3 Nb6 8.
Qb3 f6 9. h3 Bc5 10. a4 a5 11. d3 Ne7 12. g5 Qd7 13. Bd2 Ned5 14. d4 exd4 15.
Nb5 Nb4 16. O-O Bd5 17. Qd1 c6 18. Bxb4 Bxb4 19. Nbxd4 O-O 20. Nc2 Bd6 21. Ne3
Be4 22. Qd4 Bxf3 23. Bxf3 Bh2+ 24. Kxh2 Qxd4 25. Rad1 Qf4+ 26. Kh1 fxg5 27. Rg1
Rad8 28. Rdf1 Nd7 29. Rg4 Qf6 30. Nc4 Ne5 0-1